[Event "Commonwealth-ch"]
[Site "Nagpur"]
[Date "2008.10.02"]
[Round "6"]
[White "Karavade, Eesha"]
[Black "Pendalwar, Pankaj"]
[Result "1-0"]
[WhiteElo "2297"]
[BlackElo "2115"]
[PlyCount "79"]
[EventDate "2008.09.28"]
[EventType "swiss"]
[EventRounds "11"]
[EventCountry "IND"]
[SourceTitle "CBM 126 Extra"]
[Source "ChessBase"]
[SourceDate "2008.11.05"]
[SourceVersion "1"]
[SourceVersionDate "2008.11.05"]
[SourceQuality "1"]

1. d4 Nf6 2. c4 g6 3. Nc3 d5 4. cxd5 Nxd5 5. e4 Nxc3 6. bxc3 Bg7 7. Bc4 0-0 8. Ne2 c5 9. 0-0 Nc6 10. Be3 cxd4 11. cxd4 Bg4 12. f3 Na5 13. Bd5 Bd7 14. Rb1 a6 15. Bxb7 Ra7 16. Bd5 Bb5 17. a4 Bxe2 18. Qxe2 e6 19. Bc4 Bxd4 20. Rfd1 Bxe3+ 21. Qxe3 Rd7 22. Be2 Rxd1+ 23. Rxd1 Qc7 24. Bxa6 Qc2 25. Ra1 Nb3 26. Re1 Nc5 27. Bb5 Nxa4 28. Rc1 Qa2 29. Qd4 Nb2 30. Bf1 Rb8 31. h4 h5 32. Qe5 Qa7+ 33. Kh2 Qb6 34. Bb5 Kh7 35. Rc7 Rf8 36. Re7 Qf2 37. Qf6 Kg8 38. Rb7 Qd2 39. Be8 Qd6+ 40. Kh3 1-0

[Event "Commonwealth-ch"]
[Site "Nagpur"]
[Date "2008.10.01"]
[Round "5"]
[White "Pendalwar, Pankaj"]
[Black "Manush, Shah"]
[Result "1-0"]
[WhiteElo "2115"]
[BlackElo "1863"]
[PlyCount "51"]
[EventDate "2008.09.28"]
[EventType "swiss"]
[EventRounds "11"]
[EventCountry "IND"]
[SourceTitle "CBM 126 Extra"]
[Source "ChessBase"]
[SourceDate "2008.11.05"]
[SourceVersion "1"]
[SourceVersionDate "2008.11.05"]
[SourceQuality "1"]

1. e4 c5 2. Nf3 e6 3. d4 cxd4 4. Nxd4 a6 5. Be2 Qc7 6. 0-0 Nc6 7. Nxc6 dxc6 8. a4 a5 9. Nd2 Nf6 10. Bd3 e5 11. Nc4 Be6 12. Qe2 Bxc4 13. Bxc4 Bc5 14. Bg5 Be7 15. Kh1 h6 16. Bd2 Bd6 17. Rad1 0-0 18. Qf3 Qe7 19. Qg3 Kh7 20. Qh4 Rfe8 21. Qh3 Nd7 22. Qf5+ Kg8 23. Bxh6 gxh6 24. Qg6+ Kf8 25. Qxh6+ Kg8 26. Rd3 1-0

[Event "Commonwealth-ch"]
[Site "Nagpur"]
[Date "2008.09.30"]
[Round "4"]
[White "Vidit, Santosh Gujrathi"]
[Black "Pendalwar, Pankaj"]
[Result "1-0"]
[WhiteElo "2356"]
[BlackElo "2115"]
[PlyCount "88"]
[EventDate "2008.09.28"]
[EventType "swiss"]
[EventRounds "11"]
[EventCountry "IND"]
[SourceTitle "CBM 126 Extra"]
[Source "ChessBase"]
[SourceDate "2008.11.05"]
[SourceVersion "1"]
[SourceVersionDate "2008.11.05"]
[SourceQuality "1"]

1. Nf3 Nf6 2. c4 g6 3. b4 Bg7 4. Bb2 0-0 5. e3 Na6 6. b5 Nc5 7. d4 Nce4 8. Bd3 c6 9. Qc2 d5 10. bxc6 bxc6 11. Ne5 Bb7 12. 0-0 Nd7 13. Nxc6 Bxc6 14. cxd5 Bxd5 15. Bxe4 Rc8 16. Nc3 Bxe4 17. Qxe4 Nf6 18. Qd3 Qa5 19. Rac1 Rb8 20. Rc2 e6 21. Rfc1 Rb7 22. Ne4 Nd5 23. Ba3 Re8 24. h3 h6 25. Ng3 Bf8 26. Bxf8 Rxf8 27. Qe4 Rbb8 28. Qe5 Qd8 29. Ne4 Re8 30. Rc5 Qe7 31. Nd6 f6 32. Qg3 Rf8 33. Qxg6+ Qg7 34. Qe4 Qe7 35. Qg4+ Kh8 36. Rxd5 Rg8 37. Qh5 Qg7 38. Nf7+ Kh7 39. Ng5+ fxg5 40. Rdc5 Rb7 41. Qg4 Qg6 42. Rc6 Rb1 43. Rxb1 Qxb1+ 44. Kh2 Qxa2 1-0

[Event "Commonwealth-ch"]
[Site "Nagpur"]
[Date "2008.09.29"]
[Round "2"]
[White "West, Guy"]
[Black "Pendalwar, Pankaj"]
[Result "1-0"]
[WhiteElo "2342"]
[BlackElo "2115"]
[PlyCount "96"]
[EventDate "2008.09.28"]
[EventType "swiss"]
[EventRounds "11"]
[EventCountry "IND"]
[SourceTitle "CBM 126 Extra"]
[Source "ChessBase"]
[SourceDate "2008.11.05"]
[SourceVersion "1"]
[SourceVersionDate "2008.11.05"]
[SourceQuality "1"]

1. e4 c5 2. Nf3 d6 3. d4 cxd4 4. Qxd4 Nc6 5. Bb5 Bd7 6. Bxc6 bxc6 7. 0-0 e5 8. Qd3 Qc7 9. c4 Nf6 10. Nc3 Be7 11. Rd1 h6 12. b3 Be6 13. Bb2 0-0 14. Rac1 Rad8 15. b4 Qb6 16. a3 Ng4 17. Rd2 f5 18. h3 fxe4 19. Nxe4 Nf6 20. Ng3 a5 21. bxa5 Qxa5 22. c5 dxc5 23. Qc2 Rxd2 24. Nxd2 Nd7 25. Nc4 Qb5 26. Nxe5 Nxe5 27. Bxe5 c4 28. Rd1 Bf6 29. Bd6 Bf7 30. Rb1 Qd5 31. Bxf8 Kxf8 32. Rb8+ Be8 33. Nf5 Qd3 34. Qxd3 cxd3 35. Nd6 Ke7 36. Nxe8 d2 37. Rb1 Kxe8 38. Rd1 Bc3 39. Kf1 Bb2 40. a4 Bc3 41. Ke2 Kd7 42. Rxd2+ Bxd2 43. Kxd2 Kd6 44. Kc3 Kd5 45. f4 Kc5 46. f5 Kd5 47. g4 c5 48. a5 c4 1-0